Prensa y tribuna : (Registro nro. 26697)
[ vista simple ]
| 000 -CABECERA | |
|---|---|
| campo de control de longitud fija | 00577nam a2200169 a 4500 |
| 001 - NÚMERO DE CONTROL | |
| campo de control | 000027205 |
| 005 - FECHA Y HORA DE LA ÚLTIMA TRANSACCIÓN | |
| campo de control | 20200930030654.0 |
| 008 - DATOS DE LONGITUD FIJA--INFORMACIÓN GENERAL | |
| campo de control de longitud fija | 110330s1939 dr 000 | spa d |
| 040 ## - FUENTE DE LA CATALOGACIÓN | |
| Centro catalogador/agencia de origen | DO-SdBNP |
| Lengua de catalogación | spa |
| Centro/agencia transcriptor | BNPHU |
| 082 ## - NÚMERO DE LA CLASIFICACIÓN DECIMAL DEWEY | |
| Número de clasificación | xxx |
| Número de documento/Ítem | M917p |
| 049 ## - FONDOS LOCALES (OCLC) | |
| Fondos de biblioteca | BNPD |
| 100 1# - ENTRADA PRINCIPAL--NOMBRE DE PERSONA | |
| Nombre de persona | Mota M., Fabio A. |
| 9 (RLIN) | 44988 |
| 245 10 - MENCIÓN DE TÍTULO | |
| Título | Prensa y tribuna : |
| Resto del título | exponentes de valoración del generalísimo Trujillo como estadista / |
| Mención de responsabilidad, etc. | Fabio A. Mota. |
| 260 ## - PUBLICACIÓN, DISTRIBUCIÓN, ETC. | |
| Lugar de publicación, distribución, etc. | Ciudad Trujillo, República Dominicana : |
| Nombre del editor, distribuidor, etc. | Editorial La Nación, |
| Fecha de publicación, distribución, etc. | 1939. |
| 300 ## - DESCRIPCIÓN FÍSICA | |
| Extensión | 267 p. ; |
| Dimensiones | 19 cm. |
| 500 ## - NOTA GENERAL | |
| Nota general | Incluye notas al pie de páginas. |
| Estado de retiro | Estado de pérdida | Restricciones de uso | No para préstamo | Código de colección | Localización permanente | Ubicación/localización actual | Ubicación en estantería | Fecha de adquisición | Número de inventario | Total de préstamos | Signatura topográfica completa | Código de barras | Fecha visto por última vez | Precio válido a partir de | Tipo de ítem Koha | Nota pública | Número de copia |
|---|---|---|---|---|---|---|---|---|---|---|---|---|---|---|---|---|---|
| Excluido de préstamo | Raros y valiosos | Patrimonio Dominicano | Patrimonio Dominicano | En catalogación | 30.03.2011 | LF1 | xxx M917p | 27205-10 | 25.06.2020 | 25.06.2020 | No se presta | Perteneció a la bilbioateca personal de Carlos Larrabazal Blanco. | |||||
| Excluido de préstamo | Raros y valiosos | Patrimonio Dominicano | Patrimonio Dominicano | En catalogación | 20.07.2011 | LF1 | xxx M917p | 27205-20 | 25.06.2020 | 25.06.2020 | No se presta | Perteneció a la biblioteca personal de Martínez Boog. | e. 2 | ||||
| Raros y valiosos | Patrimonio Dominicano | Patrimonio Dominicano | En catalogación | 02.07.2013 | LF1 | xxx M917p | 27205-30 | 25.06.2020 | 25.06.2020 | Préstamo en sala | e. 3 | ||||||
| Raros y valiosos | Patrimonio Dominicano | Patrimonio Dominicano | En catalogación | 02.07.2013 | LF1 | xxx M917p | 27205-40 | 25.06.2020 | 25.06.2020 | Préstamo en sala | e. 4 | ||||||
| Raros y valiosos | Patrimonio Dominicano | Patrimonio Dominicano | En catalogación | 02.07.2013 | LF1 | xxx M917p | 27205-50 | 25.06.2020 | 25.06.2020 | Préstamo en sala | e. 5 |
